000 00381nam a2200133Ia 4500
005 20260326235457.0
008 260326s9999||||xx |||||||||||||| ||und||
100 _aSamper Martínez, Eduardo
245 0 _aArquitectura Moderna en Colombia :
_b Época de oro /
_cEduardo Samper Martínez
260 _bDiego Samper
300 _a153 p.
650 _aARQUITECTURA REGIONAL
942 _cBK
999 _c7955
_d7955